[Event "POL-ch U16 Girls"]
[Site "Leba"]
[Date "2006.04.02"]
[Round "11"]
[White "Tarach, Dorota"]
[Black "Szylar, Karolina"]
[Result "1-0"]
[WhiteElo "1800"]
[BlackElo "1600"]
[PlyCount "63"]
[EventDate "2006.03.25"]
[EventType "swiss"]
[EventRounds "11"]
[EventCountry "POL"]
[SourceTitle "CBM 111 Extra"]
[Source "ChessBase"]
[SourceDate "2006.05.09"]
[SourceVersion "1"]
[SourceVersionDate "2006.05.09"]
[SourceQuality "1"]

1. e4 e5 2. Nf3 Nc6 3. Bb5 d6 4. 0-0 Bg4 5. c3 Nf6 6. Re1 Be7 7. h3 Bh5 8. d3 0-0 9. Nbd2 a6 10. Ba4 h6 11. Nf1 Nh7 12. g4 Bg6 13. Ng3 Ng5 14. Kg2 Ne6 15. d4 b5 16. Bc2 Nf4+ 17. Bxf4 exf4 18. Ne2 Bg5 19. Qd2 Qf6 20. Rh1 h5 21. Nxg5 Qxg5 22. Qxf4 Qxf4 23. Nxf4 h4 24. Nxg6 fxg6 25. Bb3+ Kh7 26. Bd5 Rf4 27. Bxc6 Raf8 28. Rhf1 g5 29. a4 R8f7 30. axb5 axb5 31. Bxb5 Kh6 32. Bc6 1-0

[Event "POL-ch U16 Girls"]
[Site "Leba"]
[Date "2006.03.28"]
[Round "6"]
[White "Staniszewska, Urszula"]
[Black "Szylar, Karolina"]
[Result "1/2-1/2"]
[WhiteElo "1900"]
[BlackElo "1600"]
[PlyCount "62"]
[EventDate "2006.03.25"]
[EventType "swiss"]
[EventRounds "11"]
[EventCountry "POL"]
[SourceTitle "CBM 111 Extra"]
[Source "ChessBase"]
[SourceDate "2006.05.09"]
[SourceVersion "1"]
[SourceVersionDate "2006.05.09"]
[SourceQuality "1"]

1. e4 e5 2. Nf3 Nc6 3. Bc4 g6 4. c3 Bg7 5. 0-0 Nf6 6. Re1 d5 7. exd5 Nxd5 8. Bb5 f6 9. Bxc6+ bxc6 10. d4 Qd6 11. dxe5 fxe5 12. Nxe5 0-0 13. Nc4 Qc5 14. Ne3 Nf4 15. Nd2 Ba6 16. Qb3+ Kh8 17. Nf3 Nh3+ 18. gxh3 Rxf3 19. Qa4 Bc8 20. Qe4 Qf8 21. Nd1 Bxh3 22. Qxc6 Rc8 23. Be3 Qf5 24. Qc4 Be5 25. Re2 h5 26. Rc1 Bf4 27. Qd4+ Kh7 28. Bxf4 Rxf4 29. Re7+ Kh6 30. Qg7+ Kg5 31. Re5 Rg4+ 1/2-1/2